Escribe las lengüas en España que reciben protección oficial. - Estadísticas

Estadísticas generales
  • Esta prueba ha sido intentada 58 veces
  • La puntuación promedio es 8 de 12
Estadísticas de respuestas
REGIÓN LENGÜA % Correcto
Cataluña Catalán
100%
País Vasco Vasco
100%
Galicia Gallego
98%
Islas Baleares Balear/Mallorquí
96%
Comunidad Valenciana Valenciano
96%
España (nacional) Castellano
88%
Aragón Aragonés
83%
Asturias y Castilla y León Astur-Leonés
52%
Cataluña Aranés
50%
Melilla Tamazigh
4%
Ceuta Dariya
2%
Asturias Asturiano (Bable)
0%
No se encontraron pruebas coincidentes
Distribución de puntuación
Porcentaje de gente con cada puntuación
Porcentaje por número respondido
Historial de tus puntuaciones
No has intentado esta prueba.